|
|
|
|
| LEADER |
00000naa2a2200000 4500 |
| 001 |
389388 |
| 005 |
20231101063847.0 |
| 035 |
|
|
|a (RuTPU)RU\TPU\prd\21565
|
| 090 |
|
|
|a 389388
|
| 100 |
|
|
|a 20040122a2003 k y0rusy50 ca
|
| 101 |
0 |
|
|a rus
|
| 102 |
|
|
|a RU
|
| 200 |
1 |
|
|a Хозяин Арктики
|f Ю. Супруненко
|
| 461 |
|
1 |
|0 (RuTPU)RU\TPU\prd\458
|x 0233-3619
|t Энергия: экономика, техника, экология
|o научно-популярный и общественно-политический журнал
|f Российская академия наук (РАН)
|d 1984-
|
| 463 |
|
1 |
|0 (RuTPU)RU\TPU\prd\20892
|t № 11
|v С. 62-65
|d 2003
|
| 610 |
1 |
|
|a Актика
|
| 610 |
1 |
|
|a белые медведи
|
| 610 |
1 |
|
|a виды медведей
|
| 610 |
1 |
|
|a медведи
|
| 610 |
1 |
|
|a полярные исследования
|
| 700 |
|
1 |
|a Супруненко
|b Ю.
|
| 801 |
|
1 |
|a RU
|b 63413507
|c 20040122
|g PSBO
|
| 801 |
|
2 |
|a RU
|b 63413507
|c 20120516
|g RCR
|
| 942 |
|
|
|c BK
|